Normal view
MARC view
Entry Personal Name
001 - CONTROL NUMBER
- control field: 1239890
003 - CONTROL NUMBER IDENTIFIER
- control field: OSt
005 - DATE AND TIME OF LATEST TRANSACTION
- control field: 20260514122649.0
008 - FIXED-LENGTH DATA ELEMENTS
- fixed length control field: 260514|| aca||aabn | a|a d
040 ## - CATALOGING SOURCE
- Original cataloging agency: OSt
- Transcribing agency: OSt
100 ## - HEADING--PERSONAL NAME
- Personal name: Kapor Dr.Kapor
670 ## - SOURCE DATA FOUND
- Source citation: Work cat.: (OSt)1851597: Kapor Dr.Kapor , To Analyse the Prescriotions of Type-2 Diabetes Mellitus Parients for Anti-Diabetic Drug use Pattern and Adherence of these Prescriptions to Indian Council of Medical Research Guidelines for the Management of Type-2 Diabetes Mellitus in Tertiary Care Hospital.
